00935nac a22002657a 4500001001000000003000900010005001700019008003400036040005400070072000800124100002400132100002100156100002000177110006500197245010000262246009100362260003400453300000900487490009700496500001200593650001000605650002000615650001600635650001800651BR8300320BR-BrBNA20240105115610.0230509b bl.|||m| |||| 00| 0 por d aBR-BrBNAbporcBiblioteca Nacional de Agricultura aL101 aPonce de Leon, F.A.1 aLima, F. de A.M.1 aSimplicio, A.A.1 aCentro Nacional de Pesquisa de Caprinos, Sobral, CE (Brasil)1 aInfluencia da presenca ou ausencia de chifre sobre a produtividade dos ovinos [hereditariedade]1 a[Influence of the presence or absence of horns on sheep productiveness [heritability]]3 aSobral, CE (Brasil): c1982.  a7 p. aComunicado Tecnico - Centro Nacional de Pesquisa de Caprinos (Brazil)vno. 7xISSN 0100-8315 a22 ref. aOVINO aHEREDITARIEDADE aPERFORMANCE aPRODUTIVIDADE